| 000 | 00400nam a2200145Ia 4500 | ||
|---|---|---|---|
| 008 | 231129s1993||||xx |||||||||||||| ||spa|| | ||
| 020 | _a84-342-1688-4 | ||
| 040 | _bspa | ||
| 082 | _a751.4 D253c | ||
| 100 | _aDavidson Martin | ||
| 245 | 0 | _aComo ver y pintar texturas | |
| 260 | _c1993 | ||
| 264 | _aBarcelona España : Parramón Ediciones | ||
| 942 |
_2ddc _cBKS |
||
| 999 |
_c7717 _d7717 |
||